三重県の市町村(1960年) - Statistics

General Stats
  • This quiz has been taken 56 times
  • The average score is 56 of 72
Answer Stats
No. 市町村 備考 % Correct
1 津市
100%
2 四日市市
100%
7 鈴鹿市
100%
8 名張市
100%
5 桑名市
97%
6 上野市 2004年消滅
97%
3 伊勢市
95%
9 尾鷲市
95%
10 亀山市
95%
12 熊野市
95%
4 松阪市
92%
11 鳥羽市
92%
17 員弁郡 員弁町 2003年消滅
92%
14 桑名郡 長島町 2004年消滅
89%
19 員弁郡 東員村 1967年昇格
89%
22 三重郡 菰野町
89%
33 一志郡 久居町 1970年昇格
89%
67 北牟婁郡 長島町 1970年改称
89%
24 三重郡 朝日町
87%
69 南牟婁郡 御浜町
87%
15 桑名郡 木曽岬村 1989年昇格
84%
42 多気郡 多気町
84%
43 多気郡 明和町
84%
72 南牟婁郡 鵜殿村 2006年消滅
84%
25 三重郡 川越村 1961年昇格
82%
44 多気郡 大台町
82%
47 度会郡 玉城町
82%
56 度会郡 度会村 1968年昇格
82%
61 名賀郡 青山町 2004年消滅
82%
70 南牟婁郡 紀宝町
82%
23 三重郡 楠町 2005年消滅
79%
35 一志郡 一志町 2006年消滅
79%
64 志摩郡 志摩町 2004年消滅
79%
66 志摩郡 磯部町 2004年消滅
79%
38 一志郡 美杉村 2006年消滅
76%
20 員弁郡 藤原村 1967年昇格
74%
26 鈴鹿郡 関町 2005年消滅
74%
50 度会郡 南勢町 2005年消滅
74%
57 阿山郡 伊賀町 2004年消滅
74%
68 北牟婁郡 海山町 2005年消滅
74%
13 桑名郡 多度町 2004年消滅
71%
16 員弁郡 北勢町 2003年消滅
71%
18 員弁郡 大安町
71%
31 安芸郡 安濃村 1977年昇格
71%
46 多気郡 宮川村 2006年消滅
71%
51 度会郡 南島町 2005年消滅
71%
55 度会郡 大内山村 2005年消滅
71%
58 阿山郡 島ヶ原村 2004年消滅
71%
60 阿山郡 大山田村 2004年消滅
71%
65 志摩郡 阿児町 2004年消滅
71%
28 安芸郡 河芸町 2006年消滅
68%
29 安芸郡 芸濃町 2006年消滅
68%
36 一志郡 白山町 2006年消滅
68%
37 一志郡 嬉野町 2005年消滅
68%
45 多気郡 勢和村 2006年消滅
68%
48 度会郡 二見町 2005年消滅
68%
49 度会郡 小俣町 2005年消滅
68%
52 度会郡 大宮町 2005年消滅
68%
59 阿山郡 阿山村 1967年昇格
68%
62 志摩郡 浜島町 2004年消滅
68%
63 志摩郡 大王町 2004年消滅
68%
71 南牟婁郡 紀和町 2005年消滅
68%
53 度会郡 紀勢町 2005年消滅
66%
30 安芸郡 美里村 2006年消滅
63%
34 一志郡 香良洲町 2006年消滅
63%
39 一志郡 三雲村 1986年昇格
63%
40 飯南郡 飯南町 2005年消滅
63%
41 飯南郡 飯高町 2005年消滅
63%
54 度会郡 御薗村 2005年消滅
63%
27 鈴鹿郡 鈴峰村 1967年消滅
58%
32 安芸郡 豊里村 1973年消滅
50%
21 員弁郡 石加村 1963年消滅
47%
No matching quizzes found
Score Distribution
Percent of People with Each Score
Percentile by Number Answered
Your Score History
You have not taken this quiz